Sherlock Trivia Quiz Stats

 Plays Quiz Updated Feb 28, 2016

Support Sporcle.
Go Orange.
Score 0/16 Timer 05:00
0 Plays Today
Question Answer % Correct
Who is Sherlock's flatmate, friend, and colleague?John Watson (In the books, Arthur Conan Doyle sometimes forgot his name. In one story, he is called 'James' by his wife.)
99.4%
Who is Sherlock's brother?Mycroft Holmes (He first appears in 'The Greek Interpreter', in the books.)
88.6%
Who is Sherlock's greatest and most famous enemy?Moriarty (Described in the books as the 'Napoleon of Crime', and in the TV series as a 'consulting criminal'.)
88.5%
What is [Question 1]'s profession?Doctor (And he learned the clarinet at school.)
86.9%
What instrument does Sherlock play?Violin (He plays the violin in both the books and the TV series.)
85.3%
Where does Sherlock live? Give the house/flat name and the street.221B Baker Street (The TV series were unable to film in the real Baker Street as there was too much Sherlock Holmes advertising.)
82.9%
How many nicotine patches does Sherlock need to solve his first case?Three (They replace his trusty pipes of old.)
72.7%
What animal does Sherlock encounter in Series 2, Episode 2?Hound (It's very specific - not a dog. A hound.)
72.4%
Question Answer % Correct
What was the cause of the death for the four victims of 'A Study in Pink'?Poison (The same cause of death for the victims in 'A Study in Scarlet'.)
70.8%
Who is Sherlock's landlady?Mrs Hudson (Again, Conan Doyle fails at continuity - she's called Mrs Turner in one book.)
69.9%
Who is 'The Woman'?Irene Adler (The only woman that ever beat him... literally.)
68.7%
Who is his pathologist friend, who fails to disguise her attraction for Sherlock?Molly Hooper (She is the only main character to be invented by the BBC.)
65.9%
What is Sherlock's job title?Consulting Detective (He claims to have invented the profession...)
63.8%
What was the four-digit password to [Question 13]'s phone?SHER (She was Sherlocked.)
61.7%
What type of hat is he famously portrayed wearing?Deerstalker (Sherlock thinks it looks like a death frisbee.)
61.6%
What information source does Sherlock have around London that helped him track the Golem?Homeless Network (He has a network called 'The Baker Street Irregulars' in the books.)
58.7%

You're not logged in!

Compare scores with friends on all Sporcle quizzes.
OR
Log In
Forgot?

From the Vault

Movies A-Z by Picture: Musicals

by LisaSimpsonOH

Movies 5m
The extra challenge is singing them all while you take the quiz.
Remove Ads.
Support Sporcle.
Get the best of Sporcle when you Go Orange. This ad-free experience offers more features, more stats, and more fun while also helping to support Sporcle. Thank you for becoming a member.

Show Comments

Extras

Top Quizzes Today


Score Distribution

Your Account Isn't Verified!

In order to create a playlist on Sporcle, you need to verify the email address you used during registration. Go to your Sporcle Settings to finish the process.

Report this User

Report this user for behavior that violates our Community Guidelines.

Details: